| 000 | 00947cam a2200289 4500 | ||
|---|---|---|---|
| 999 |
_c8539 _d8539 |
||
| 001 | 8539 | ||
| 003 | BD-JhCC | ||
| 005 | 20180919122106.0 | ||
| 008 | 700123s1965 ru a 001 0 eng | ||
| 035 | _a(BD-JhCC)8539 | ||
| 040 |
_aDLC _cDLC _dDLC |
||
| 041 | 1 | _aengrus | |
| 050 | 0 | 0 |
_aTN343 _b.M4813 |
| 082 | 0 | 0 |
_a622/.2/028 _bMIK 1965 |
| 100 | 1 | _aMikheev, I︠U︡riĭ Aleksandrovich. | |
| 240 | 1 | 0 | _aĖlektroslesarʹ uchastka shakhty |
| 245 | 1 | 4 |
_aThe mine electrical fitter / _cby Y. Mikheyev and I. Faibisovich. Translated from the Russian by J. Feinberg. Edited by B. Kuznetsov. |
| 260 |
_aMoscow, _bPeace Publishers _c[1965] |
||
| 300 |
_a488 p. _billus. _c22 cm. |
||
| 500 | _aAdded t.p. in Russian. | ||
| 500 | _aTranslation of Ėlektroslesarʹ uchastka shakhty. | ||
| 650 | 0 | _aElectricity in mining. | |
| 650 | 0 | _aCoal-mining machinery. | |
| 700 | 1 | _aFaǐbisovich, I. L., | |
| 942 |
_2ddc _cBK |
||